|
|
|
|
| LEADER |
00000nam a2200000 a 4500 |
| 001 |
vtls010693096 |
| 003 |
SK-MaSNL |
| 005 |
20260301215528.0 |
| 008 |
240318s2015 xo g f 000 0dslo |
| 015 |
|
|
|a SNBA2015/07
|
| 020 |
|
|
|a 9788081092633
|q (brož.)
|
| 035 |
|
|
|a 6008AEB9-750F-4815-BDA9-2C98E222D10B
|
| 035 |
|
|
|a urn:nbn:sk:snk-amkq5a
|
| 035 |
|
|
|a urn:nbn:sk:snk-am005dwx
|
| 040 |
|
|
|a SNK
|b slo
|c SNK
|e AACR2
|
| 041 |
1 |
|
|a slo
|h eng
|
| 044 |
|
|
|a xo
|c SK
|
| 072 |
|
7 |
|a 2
|x Náboženstvo
|2 konspekt
|
| 080 |
|
|
|a 2-583
|2 2001
|
| 080 |
|
|
|a 2-584.5
|2 2001
|
| 080 |
|
|
|a 2-582/-587
|2 2001
|
| 080 |
|
|
|a 159.923.5
|2 2001
|
| 080 |
|
|
|a 165.322
|2 2001
|
| 080 |
|
|
|a 17.02
|2 2001
|
| 080 |
|
|
|a 2-1/-9
|2 2001
|
| 080 |
|
|
|a 2-664.3
|2 2001
|
| 080 |
|
|
|a (042.3)
|2 2001
|
| 080 |
|
|
|a (035)
|2 2001
|
| 100 |
0 |
|
|a Osho,
|d 1931-1990
|4 aut
|9 98388
|
| 240 |
1 |
0 |
|a Everyday Osho
|l Slovensky
|
| 245 |
1 |
0 |
|a 365 meditácií na každý deň
|c Osho ; [z anglického originálu preložila: Anna Gálisová]
|
| 246 |
3 |
|
|a Tristošesťdesiatpäť meditácií na každý deň
|
| 260 |
|
|
|a Bratislava
|b Eastone Books
|c 2015
|
| 300 |
|
|
|a 367 s.
|c 21 cm
|
| 500 |
|
|
|a Biogr. údaje
|
| 650 |
0 |
7 |
|a meditácia
|2 SNKPH
|9 2005
|
| 650 |
0 |
7 |
|a Meditation
|2 SNKPHeng
|9 276141
|
| 650 |
0 |
7 |
|a duchovná cesta
|2 SNKPH
|9 67470
|
| 650 |
0 |
7 |
|a Spiritual path
|2 SNKPHeng
|9 276105
|
| 650 |
0 |
7 |
|a sebapoznanie
|2 SNKPH
|9 4292
|
| 650 |
0 |
7 |
|a Self-consciousness
|2 SNKPHeng
|9 281701
|
| 650 |
0 |
7 |
|a sebavýchova
|2 SNKPH
|9 4290
|
| 650 |
0 |
7 |
|a Self-culture
|2 SNKPHeng
|9 317679
|
| 650 |
0 |
7 |
|a duchovné poznanie
|2 SNKPH
|9 3767
|
| 650 |
0 |
7 |
|a Spiritual knowledge
|2 SNKPHeng
|9 281702
|
| 650 |
0 |
7 |
|a životná harmónia
|2 SNKPH
|9 4976
|
| 650 |
0 |
7 |
|a Harmony of life
|2 SNKPHeng
|9 306452
|
| 650 |
0 |
7 |
|a náboženské učenia
|2 SNKPH
|9 68671
|
| 650 |
0 |
7 |
|a Religious doctrines
|2 SNKPHeng
|9 305496
|
| 650 |
0 |
7 |
|a synkretizmus (náboženstvo)
|2 SNKPH
|9 66921
|
| 650 |
0 |
7 |
|a Syncretism (Religion)
|2 SNKPHeng
|9 221156
|
| 655 |
|
7 |
|a prednášky
|2 SNKPH
|9 70554
|
| 655 |
|
7 |
|a príručky
|2 SNKPH
|9 74364
|
| 655 |
|
7 |
|a Lectures
|2 SNKPHeng
|9 294447
|
| 655 |
|
7 |
|a Handbooks, manuals, etc.
|2 SNKPHeng
|9 90964
|
| 700 |
1 |
|
|a Gálisová, Anna
|4 trl
|9 363189
|
| 852 |
|
|
|a Slovenská národná knižnica
|
| 919 |
|
|
|a 978-80-8109-263-3
|
| 958 |
|
|
|a OP
|
| 968 |
|
|
|b ENG
|
| 999 |
|
|
|c 928512
|d 930442
|
| 952 |
|
|
|a SNK
|b SNK
|y PREZ
|7 0
|p 17A1168440
|o snkSC 165558
|i snk2015/21974
|8 0
|0 0
|1 0
|4 0
|d 2015-07-16
|f 1
|l 0
|r 2026-02-24 08:40:14
|w 2026-02-24
|
| 952 |
|
|
|a SNK
|b SNK
|y VYP
|7 0
|p 17A1168441
|o snkSC 165558 D1
|i snk2015/21975
|8 0
|0 0
|1 0
|4 0
|d 2015-07-16
|l 0
|r 2026-02-24 08:40:14
|w 2026-02-24
|